[Event "LSS SD-2009-0-00037"]
[Site "LSS email"]
[Date "2009.09.26"]
[Round "?"]
[White "Lavis, Jon"]
[Black "Visser, Bob"]
[Result "1-0"]
[WhiteElo "1609"]
[BlackElo "1419"]
[PlyCount "111"]
[EventDate "2009.07.08"]
[EventType "tourn (corr)"]
[EventRounds "6"]
[EventCountry "GER"]
[SourceTitle "Telechess CBM 141"]
[Source "ChessBase"]
[SourceDate "2011.03.17"]
[SourceVersion "1"]
[SourceVersionDate "2011.03.17"]
[SourceQuality "1"]

1. g3 g6 2. Bg2 Bg7 3. d4 Nf6 4. e4 d6 5. Nc3 0-0 6. Nge2 e5 7. 0-0 Nc6 8. d5 Ne7 9. f4 exf4 10. Bxf4 Nh5 11. Bg5 f6 12. Be3 f5 13. Bd4 c5 14. dxc6 bxc6 15. Qd2 Rb8 16. b3 Nf6 17. Bxa7 Ra8 18. Bd4 Qa5 19. Rad1 fxe4 20. Bxf6 Rxf6 21. Rxf6 Bxf6 22. Nxe4 Be5 23. Nxd6 Qc5+ 24. Kh1 Bxd6 25. Qxd6 Qxd6 26. Rxd6 Rxa2 27. Be4 Bf5 28. Bxf5 gxf5 29. Rd2 Kf7 30. Kg2 Kf6 31. Nf4 Ke5 32. Nd3+ Ke6 33. Nc5+ Ke5 34. Nd7+ Ke6 35. Nf8+ Kf7 36. Nxh7 Nd5 37. Kf3 Nb4 38. Kf4 Rxc2 39. Rxc2 Nxc2 40. Kxf5 Nd4+ 41. Kf4 Nxb3 42. Ng5+ Kg6 43. Nf3 c5 44. g4 Nc1 45. Ne5+ Kg7 46. g5 Ne2+ 47. Kg4 Nc3 48. h4 Nd1 49. h5 Ne3+ 50. Kf4 Nd5+ 51. Kf5 Ne3+ 52. Ke6 c4 53. h6+ Kh7 54. Kf7 Nf5 55. g6+ Kxh6 56. Kf6 1-0